000 nam a22 a 4500
999 _c2080
_d2080
005 20170515111113.0
008 170515b1987 -us||||| |||| 00| 0 eng d
020 _a0865318174 (pbk)
040 _aAKMAL
082 _a355.0217 GRE
090 _a355.0217
_bGRE
100 1 _aGreen, William C.,
_d1956
_94290
245 0 0 _aSoviet nuclear weapons policy :
_b a research and bibliographic guide
_cWilliam C Green.
260 _aBoulder, Colo. :
_bWestview Press,
_c1987.
300 _a399
_c24cm
490 0 _aWestview special studies in national security and defense policy
852 4 1 _aBritish Library
_bDSC
942 _2ddc
_cBOOK